Accounting for infrastructure regulation <an> introduction
Gespeichert in:
| 1. Verfasser: | |
|---|---|
| Weitere Verfasser: | , |
| Format: | Buch |
| Sprache: | Englisch |
| Veröffentlicht: |
Washington, D.C.
<The> World Bank
2008
|
| Schlagworte: | |
| Tags: |
Keine Tags, Fügen Sie das erste Tag hinzu!
|
MARC
| LEADER | 00000nam$a2200000$$$4500 | ||
|---|---|---|---|
| 001 | 0078145 | ||
| 005 | 20240315115052.6 | ||
| 020 | |a 978-0-8213-7179-4 | ||
| 041 | 0 | |a eng | |
| 044 | |a US | ||
| 245 | 1 | 0 | |a Accounting for infrastructure regulation |b <an> introduction |c Martin Rodriguez Pardina, Richard Schlirf Rapti, Eric Groom |
| 264 | 1 | |a Washington, D.C. |b <The> World Bank |c 2008 | |
| 300 | |a 222 s. | ||
| 610 | 2 | 0 | |a služby verejné |
| 610 | 2 | 0 | |a infraštruktúra |
| 610 | 2 | 0 | |a regulácia |
| 610 | 2 | 0 | |a modely |
| 610 | 2 | 0 | |a informácie ekonomické |
| 610 | 2 | 0 | |a evidencia účtovná |
| 610 | 2 | 0 | |a štúdie prípadové |
| 610 | 2 | 0 | |a podnik verejný |
| 610 | 2 | 0 | |a účtovníctvo |
| 610 | 2 | 0 | |a informácie vnútropodnikové |
| 610 | 2 | 0 | |a výkazy finančné |
| 610 | 2 | 0 | |a účtovníctvo nákladové |
| 610 | 2 | 0 | |a systémy účtovné |
| 610 | 2 | 0 | |a analýza finančná |
| 610 | 2 | 0 | |a ukazovatele |
| 100 | 1 | |a Pardina, Martin Rodriguez | |
| 700 | 1 | |a Rapti, Richard Schlirf | |
| 700 | 1 | |a Groom, Eric | |